000 02635nam0a2200337 4500
001 RU\NLR\BIBL_A\012011119
005 20190527123848.0
010 _a978-5-906125-62-0
_92700
021 _aRU
_bКН-П-19-027487
_9КН-П-19-2078
035 _a(NLR Aleph) 012011119
035 _a(RuMoRGB)009950846
090 _a11451688
_c11451687
100 _a20190515d2019 u y0rusy50 ca
101 0 _arus
102 _aRU
105 _a||||zzzz0||zy
200 1 _aКлиническая эпидемиология и основы доказательной медицины
_eучебное пособие для врачей
_e[для очной, очно-заочной или дистанционной форм обучения]
_fМинистерство здравоохранения Российской Федерации, Федеральное государственное автономное образовательное учреждение высшего образования "Первый Московский государственный медицинский университет им. И. М. Сеченова" Минздрава России (Сеченовский университет), Национальная ассоциация специалистов по контролю инфекций, связанный с оказанием медицинской помощи (НП НАСКИ)
_g[акад., проф., д.м.н. Н. И. Брико и др.]
_gпод редакцией академика РАН, профессора Н. И. Брико
210 _aМосква
_cРемедиум Приволжье
_d2019
215 _a287, [1] с.
_cил., табл.
_d21
300 _aНа обл. авт.: Н.И. Брико, А.Ю. Бражников, Е.В. Кирьянова [и др.]
320 _aБиблиогр.: с. 283-285 (43 назв.) и в тексте
606 1 _aКлиническая эпидемиология
_xПрименение методов доказательной медицины
_jУчебные издания для последипломного образования
_2nlr_sh2
_3RU\NLR\AUTH\6601655806
686 1 _aР19в62я77
702 1 _aБрико
_bН. И.
_f1953-
_gНиколай Иванович
_3RU\NLR\AUTH\770275679
_4070
712 0 2 _aМосковский государственный медицинский университет им. И. М. Сеченова
_c1
_3RU\NLR\AUTH\8810170316
_4570
942 _cBOOK
980 _aNBR
980 _aNB